MARC details
| 000 -LEADER |
| fixed length control field |
05555cam a22005057i 4500 |
| 001 - CONTROL NUMBER |
| control field |
19480775 |
| 003 - CONTROL NUMBER IDENTIFIER |
| control field |
GZU |
| 005 - DATE AND TIME OF LATEST TRANSACTION |
| control field |
20210330112153.0 |
| 008 - FIXED-LENGTH DATA ELEMENTS--GENERAL INFORMATION |
| fixed length control field |
170204s2014 enkab b 001 0 eng d |
| 010 ## - LIBRARY OF CONGRESS CONTROL NUMBER |
| LC control number |
2016479832 |
| 015 ## - NATIONAL BIBLIOGRAPHY NUMBER |
| National bibliography number |
GBB493800 |
| Source |
bnb |
| 020 ## - INTERNATIONAL STANDARD BOOK NUMBER |
| International Standard Book Number |
9781781254165 |
| Qualifying information |
(hardback) |
| 020 ## - INTERNATIONAL STANDARD BOOK NUMBER |
| International Standard Book Number |
1781254168 |
| Qualifying information |
(hardback) |
| 020 ## - INTERNATIONAL STANDARD BOOK NUMBER |
| Canceled/invalid ISBN |
9781782831396 |
| Qualifying information |
(ePub ebook) |
| 020 ## - INTERNATIONAL STANDARD BOOK NUMBER |
| Canceled/invalid ISBN |
1782831398 |
| Qualifying information |
(ePub ebook) |
| 035 ## - SYSTEM CONTROL NUMBER |
| System control number |
(OCoLC)ocn894201709 |
| 040 ## - CATALOGING SOURCE |
| Original cataloging agency |
ERASA |
| Language of cataloging |
eng |
| Transcribing agency |
ERASA |
| Description conventions |
rda |
| Modifying agency |
CDX |
| -- |
UAB |
| -- |
NLE |
| -- |
YDXCP |
| -- |
OCLCF |
| -- |
CUS |
| -- |
MT4IT |
| -- |
RCE |
| -- |
OCLCQ |
| -- |
DLC |
| 041 1# - LANGUAGE CODE |
| Language code of text/sound track or separate title |
eng |
| Language code of original |
mul |
| 042 ## - AUTHENTICATION CODE |
| Authentication code |
lccopycat |
| 043 ## - GEOGRAPHIC AREA CODE |
| Geographic area code |
e------ |
| 050 00 - LIBRARY OF CONGRESS CALL NUMBER |
| Classification number |
P112 |
| Item number |
.DOR 2014 |
| 082 04 - DEWEY DECIMAL CLASSIFICATION NUMBER |
| Classification number |
400 |
| Edition number |
23 |
| 100 1# - MAIN ENTRY--PERSONAL NAME |
| Personal name |
Dorren, Gaston, |
| Relator term |
author. |
| 245 10 - TITLE STATEMENT |
| Title |
Lingo : |
| Remainder of title |
a language spotters' guide to Europe / |
| Statement of responsibility, etc. |
Gaston Dorren ; with contributions by Jenny Audring, Frauke Watson and Alison Edwards (translation). |
| 264 #1 - PRODUCTION, PUBLICATION, DISTRIBUTION, MANUFACTURE, AND COPYRIGHT NOTICE |
| Place of production, publication, distribution, manufacture |
London : |
| Name of producer, publisher, distributor, manufacturer |
Profile Books, |
| Date of production, publication, distribution, manufacture, or copyright notice |
2014. |
| 300 ## - PHYSICAL DESCRIPTION |
| Extent |
304 pages : |
| Other physical details |
illustrations, maps ; |
| Dimensions |
21 cm |
| 336 ## - CONTENT TYPE |
| Content type term |
text |
| Content type code |
txt |
| Source |
rdacontent |
| 337 ## - MEDIA TYPE |
| Media type term |
unmediated |
| Media type code |
n |
| Source |
rdamedia |
| 338 ## - CARRIER TYPE |
| Carrier type term |
volume |
| Carrier type code |
nc |
| Source |
rdacarrier |
| 504 ## - BIBLIOGRAPHY, ETC. NOTE |
| Bibliography, etc. note |
Includes bibliographical references and index. |
| 505 0# - FORMATTED CONTENTS NOTE |
| Formatted contents note |
pt. ONE Next of tongue -- Languages and their families -- 1. The life of PIE Lithuanian -- 2. The separated siblings Finno-Ugric Languages -- 3. Pieces of a broken pitcher Romansh -- 4. Mummy dearest French -- 5. Know your Slovek from your Slovane Slavic languages -- 6. The linguistic orphanage Balkan languages -- 7. The tenth branch Ossetian -- pt. TWO Past perfect discontinuous -- Languages and their history -- 8. The peaceful expansionist? German -- 9. Portugal's mother's tongue Galician -- 10. A language in DK Danish -- 11. The spoils of defeat Channel Island Norman -- 12. Languages of exile Karaim, Ladino and Yiddish -- 13. Frozen in time Icelandic -- pt. THREE War and peace -- Languages and politics -- 14. The democratic language Norwegian -- 15. Two addresses to the people of Belarus Belarus(s)ian -- 16. Kleinsteinish and its neighbours Luxembourgish -- 17. Longing for languagehood Scots and Frisian -- 18. Much a-du about you, and him Swedish -- 19. Four countries -- and more than a club Catalan -- 20. Four languages and zero goodwill Serbo-Croatian -- pt. FOUR Werds, wirds, wurds ... -- Written and spoken -- 21. `Hacek!' -- `Bless you' Czech -- 22. Szczesny, Pszkit and Korzeniowski Polish -- 23. Broad and slender tweets Scots Gaelic -- 24. Learning your A to R Russian -- 25. Pin the name on the language Estonian -- 26. The Iberian machine gun Spanish -- 27. Mountains of dialects Slovene -- 28. Hide and speak? Shelta and Anglo-Romani -- pt. FIVE Nuts and bolts -- Languages and their vocabulary -- 29. Export/import Greek -- 30. Arrival in Porto Portuguese -- 31. Meet the Snorbs Sorbian -- 32. From our Vasingtona correspondent Latvian -- 33. Small, sweet, slim, sturdy, sexy, stupid little women talian -- 34. A snowstorm in a teacup Sami -- 35. Deciphering the language of numbers Breton -- pt. SIX Talking by the book -- Languages and their grammar -- 36. Gender-bending Dutch -- 37. A case history Romani -- 38. A much-needed merger Bulgarian-Slovak -- 39. Nghwm starts with a C Welsh -- 40. Strictly ergative Basque -- 41. Note to self Ukrainian -- pt. SEVEN Intensive care -- Languages on the brink and beyond -- 42. Networking in Monaco Monegasque -- 43. A narrow escape Irish -- 44. No laughing matter Gagauz -- 45. The death of a language Dalmatian -- 46. The church of Kernow Cornish -- 47. Back from the brink Manx -- pt. EIGHT Movers and shakers -- Linguists who left their mark -- 48. Ludovit Stur, the hero linguist Slovak -- 49. The father of Albanology Albanian -- 50. An unexpected standard Germanic languages -- 51. The no-hoper Esperanto -- 52. The national hero who wasn't Macedonian -- 53. A godless alphabet Turkish -- pt. NINE Warts and all -- Linguistic portrait studies -- 54. Spell as you speak Finnish -- 55. Romans north of Hadrian's Wall Faroese -- 56. A meaningful silence Sign languages -- 57. Armenian -- 58. Plain lonely Hungarian -- 59. An Afro-Asiatic in Europe Maltese -- 60. The global headache English. |
| 520 8# - SUMMARY, ETC. |
| Summary, etc. |
Welcome to Europe as you've never known it before, seen through the peculiarities of its languages and dialects. Combining linguistics and cultural history, Gaston Dorren takes us on an intriguing tour of the continent, from Proto-Indo-European (the common ancestor of most European languages) to the rise and rise of English, via the complexities of Welsh plurals and Czech pronunciation. Along the way we learn why Esperanto will never catch on, how the language of William the Conqueror survives in the Channel Islands and why Finnish is the easiest European language. Surprising, witty and full of extraordinary facts, this book will change the way you think about the languages around you.-- |
| Assigning source |
Source other than Library of Congress. |
| 650 #0 - SUBJECT ADDED ENTRY--TOPICAL TERM |
| Topical term or geographic name entry element |
Languages in contact. |
| 650 #7 - SUBJECT ADDED ENTRY--TOPICAL TERM |
| Topical term or geographic name entry element |
Language and languages. |
| Source of heading or term |
fast |
| Authority record control number or standard number |
(OCoLC)fst00992154 |
| 650 #7 - SUBJECT ADDED ENTRY--TOPICAL TERM |
| Topical term or geographic name entry element |
Languages in contact. |
| Source of heading or term |
fast |
| Authority record control number or standard number |
(OCoLC)fst00992434 |
| 651 #0 - SUBJECT ADDED ENTRY--GEOGRAPHIC NAME |
| Geographic name |
Europe |
| General subdivision |
Languages. |
| 651 #7 - SUBJECT ADDED ENTRY--GEOGRAPHIC NAME |
| Geographic name |
Europe. |
| Source of heading or term |
fast |
| Authority record control number or standard number |
(OCoLC)fst01245064 |
| 700 1# - ADDED ENTRY--PERSONAL NAME |
| Personal name |
Audring, Jenny, |
| Dates associated with a name |
1977- |
| 700 1# - ADDED ENTRY--PERSONAL NAME |
| Personal name |
Watson, Frauke. |
| 700 1# - ADDED ENTRY--PERSONAL NAME |
| Personal name |
Edwards, Alison, |
| Dates associated with a name |
1983- |
| 776 08 - ADDITIONAL PHYSICAL FORM ENTRY |
| Relationship information |
Electronic version: |
| Main entry heading |
Dorren, Gaston. |
| Title |
Lingo. |
| Place, publisher, and date of publication |
London : Profile Books, 2014 |
| International Standard Book Number |
9781782831396 |
| Record control number |
(OCoLC)890162441 |
| 906 ## - LOCAL DATA ELEMENT F, LDF (RLIN) |
| a |
7 |
| b |
cbc |
| c |
copycat |
| d |
2 |
| e |
ncip |
| f |
20 |
| g |
y-gencatlg |
| 942 ## - ADDED ENTRY ELEMENTS (KOHA) |
| Source of classification or shelving scheme |
Library of Congress Classification |
| Koha item type |
Books |
| Classification part |
112 |
| Item part |
DOR |
| Call number prefix |
P |